| 000 | 00402nam a2200157Ia 4500 | ||
|---|---|---|---|
| 008 | 130318s9999 xx 000 0 und d | ||
| 020 | _a74637428 | ||
| 082 | _a381.142 MIN/W | ||
| 100 | _aMinoli, Daniel | ||
| 245 | _aWeb commerce technology handbook | ||
| 260 |
_bTata Mc Graw Hill _aNew Delhi _c1999 |
||
| 300 | _a621 | ||
| 650 | _aE-COMMERCE | ||
| 650 | _aELECTRONIC COMMERCE | ||
| 700 | _aMinoli, Emma | ||
| 999 |
_c566 _d566 |
||